Boiler operator's handbook / (Record no. 60891)

000 -LEADER
fixed length control field 01158cam a22002894a 4500
001 - CONTROL NUMBER
control field 13619323
003 - CONTROL NUMBER IDENTIFIER
control field NUST-PNEC
005 - DATE AND TIME OF LATEST TRANSACTION
control field 20170116180709.0
008 - FIXED-LENGTH DATA ELEMENTS--GENERAL INFORMATION
fixed length control field 040608s2005 gaua b 001 0 eng
010 ## - LIBRARY OF CONGRESS CONTROL NUMBER
LC control number 2004053290
020 ## - INTERNATIONAL STANDARD BOOK NUMBER
International Standard Book Number 0881734349
020 ## - INTERNATIONAL STANDARD BOOK NUMBER
International Standard Book Number 0881734357
040 ## - CATALOGING SOURCE
Original cataloging agency DLC
Transcribing agency PNEC
Modifying agency DLC
042 ## - AUTHENTICATION CODE
Authentication code pcc
050 00 - LIBRARY OF CONGRESS CALL NUMBER
Classification number TJ289
Item number .H53 2005
082 00 - DEWEY DECIMAL CLASSIFICATION NUMBER
Classification number 621.194 HES
100 1# - MAIN ENTRY--PERSONAL NAME
Personal name Heselton, Kenneth E.,
Dates associated with a name 1943-
245 10 - TITLE STATEMENT
Title Boiler operator's handbook /
Statement of responsibility, etc. by Kenneth E. Heselton.
260 ## - PUBLICATION, DISTRIBUTION, ETC.
Place of publication, distribution, etc. Lilburn, GA :
Name of publisher, distributor, etc. Fairmont Press ;
Place of publication, distribution, etc. New York :
Name of publisher, distributor, etc. M. Dekker,
Date of publication, distribution, etc. 2005.
300 ## - PHYSICAL DESCRIPTION
Extent vii, 405 p. :
Other physical details ill. ;
Dimensions 29 cm.
500 ## - GENERAL NOTE
General note http://www.amazon.com/Boiler-Operators-Handbook-Kenneth-Heselton/dp/0881734349/ref=sr_1_1?s=books&ie=UTF8&qid=1412231230&sr=1-1&keywords=0881734349
504 ## - BIBLIOGRAPHY, ETC. NOTE
Bibliography, etc. note Includes bibliographical references (p. 396) and index.
650 #0 - SUBJECT ADDED ENTRY--TOPICAL TERM
Topical term or geographic name entry element Steam-boilers
General subdivision Handbooks, manuals, etc.
-- ME
906 ## - LOCAL DATA ELEMENT F, LDF (RLIN)
a 7
b cbc
c orignew
d 1
e ocip
f 20
g y-gencatlg
942 ## - ADDED ENTRY ELEMENTS (KOHA)
Source of classification or shelving scheme
Koha item type Book
Holdings
Withdrawn status Lost status Source of classification or shelving scheme Damaged status Not for loan Permanent Location Current Location Shelving location Date acquired Source of acquisition Cost, normal purchase price Total Checkouts Full call number Barcode Date last seen Cost, replacement price Price effective from Koha item type
          Pakistan Navy Engineering College (PNEC) Pakistan Navy Engineering College (PNEC) Reference 10/29/2007 Vangaurd Books 12026.00   621.194 HES PNECLIB-028502 10/02/2014 12026.00 10/29/2007 Book
© 2023 Central Library, National University of Sciences and Technology. All Rights Reserved.